| 000 | 01759nam a2200289 u 4500 | ||
|---|---|---|---|
| 001 | 000003023 | ||
| 003 | OSt | ||
| 005 | 20260305073950.0 | ||
| 008 | 090706s2004 dr a r 000 0 spa d | ||
| 040 |
_aDO-SdBNP _bspa _cBNPHU |
||
| 082 |
_a333.75097293 _bP769f |
||
| 245 | 0 | 0 |
_aPolítica forestal nacional 2000-2004 / _cDirección general Frank Moya Pons ; textos elaborados por Máximo Aquino, Abel Hernández, Francisco Cuevas. |
| 260 |
_aSanto Domingo : _bSecretaría de Estado de Medio Ambiente y Recursos Naturales, _c2004. |
||
| 300 |
_a182 p. : _bil. ; _c22 cm. |
||
| 505 | 0 |
_aAspectos generales de la política forestal -- _tDiagnóstico del sector forestal -- _tLineamientos de la política forestal -- _tPrograma nacional de reforestación -- _tBeneficios del programa nacional de reforestación -- _tMetas alcanzadas por el programa nacional de reforestación 2000-2004 -- _tEntregas de plantas realizadas en el período de producción anual de los viveros forestales a febrero 2004 -- _tCapacidad de producción anual de los viveros forestales a febrero 2004 -- _tProyecto de ley de fomento forestal -- _tDonación de plantas forestal agosto 2000 - febrero 2004. |
|
| 590 | _aInventariado, 2018/LP | ||
| 650 | 4 |
_aPolítica forestal _zRepública Dominicana _y2000-2004 _99581 |
|
| 650 | 4 |
_aAdministración forestal _zRepública Dominicana _y2000-2004 _99582 |
|
| 650 | 4 |
_aBosques _zRepública Dominicana _y2000-2004 _99583 |
|
| 700 | 1 | 2 |
_aMoya Pons, Frank, _d1944- _92095 |
| 700 | 1 |
_aAquino, Máximo _99585 |
|
| 700 | 1 |
_aHernández, Abel _99586 |
|
| 700 | 1 |
_aCuevas, Francisco _99587 |
|
| 710 | 1 |
_aRepública Dominicana. _b Secretaría de Estado de Medio Ambiente y Recursos Naturales _914503 |
|
| 910 | _aValidado. Control de calidad MFF | ||
| 942 |
_2ddc _cLBS1 |
||
| 999 |
_c2855 _d2855 |
||